[Event "24th Grunwald Cup"]
[Site "Hotel Start-Dadaj Ramsowo"]
[Date "2009.09.24"]
[Round "7.1"]
[White "Dukaczewski, Piotr"]
[Black "Renkowski, Piotr"]
[Result "1-0"]
[WhiteElo "2285"]
[BlackElo "1691"]
[PlyCount "59"]
[EventDate "2009.09.19"]
[EventType "swiss"]
[EventRounds "9"]
[EventCountry "POL"]

1. Nf3 Nf6 2. g3 g6 3. Bg2 Bg7 4. O-O O-O 5. d3 d5 6. Nbd2 c6 7. e4 dxe4 8.
dxe4 Na6 9. Qe2 Nb4 10. Rd1 Be6 11. Nf1 Qb6 12. c3 Qa6 13. Qxa6 Nxa6 14. Nd4
Nc5 15. Nxe6 Nxe6 16. h3 Rfd8 17. Be3 a6 18. Bb6 Rxd1 19. Rxd1 Kf8 20. e5 Nh5
21. Re1 Ke8 22. f4 Nf8 23. Re4 Nd7 24. Be3 f5 25. Rb4 Nxe5 26. fxe5 Bxe5 27.
Rxb7 Nxg3 28. Bxc6+ Kf8 29. Nxg3 Bxg3 30. Bh6+ 1-0

[Event "24th Grunwald Cup"]
[Site "Hotel Start-Dadaj Ramsowo"]
[Date "2009.09.24"]
[Round "7.2"]
[White "Zoltek, Tadeusz"]
[Black "Stachanczyk, Jacek"]
[Result "1/2-1/2"]
[WhiteElo "2214"]
[BlackElo "2212"]
[PlyCount "118"]
[EventDate "2009.09.19"]
[EventType "swiss"]
[EventRounds "9"]
[EventCountry "POL"]

1. Nf3 Nf6 2. c4 c6 3. Nc3 d5 4. d4 dxc4 5. a4 Bf5 6. e3 e6 7. Bxc4 Bb4 8. O-O
O-O 9. Qe2 Bg4 10. h3 Bh5 11. Rd1 Nbd7 12. e4 Bg6 13. Nh4 Bxc3 14. Nxg6 Bxb2
15. Nxf8 Bxa1 16. Nxd7 Qxd7 17. Qd3 e5 18. dxe5 Qxd3 19. Rxd3 Bxe5 20. f4 Bc7
21. e5 Nd5 22. Bxd5 cxd5 23. Rxd5 Rd8 24. Rxd8+ Bxd8 25. Ba3 Bc7 26. Bb2 f5 27.
g4 g6 28. gxf5 gxf5 29. Kf2 Kf7 30. Ke3 Ke6 31. Kd3 Kd5 32. Bd4 b6 33. Bb2 Bd8
34. Ba3 Bh4 35. Bb4 Bf2 36. Ba3 a6 37. Bb4 b5 38. axb5 axb5 39. Ke2 Bg3 40. Kf3
Bh4 41. Ke3 Bg3 42. Kf3 Bh2 43. Ke3 Bg1+ 44. Kd3 Bb6 45. Ke2 Bd4 46. Kd3 Bb2
47. Kc2 Ba1 48. Kd3 h5 49. Ba3 Ke6 50. Bb4 Bb2 51. Bc5 Kd5 52. Bb4 Bc1 53. Bd2
Ba3 54. Ba5 b4 55. Kc2 Kc4 56. Bd8 b3+ 57. Kb1 Kd5 58. Bg5 Ke6 59. Ka1 Kd5
1/2-1/2

[Event "24th Grunwald Cup"]
[Site "Hotel Start-Dadaj Ramsowo"]
[Date "2009.09.24"]
[Round "7.3"]
[White "Chojnowski, Marcin"]
[Black "Gunajew, Rafal"]
[Result "1-0"]
[WhiteElo "2114"]
[BlackElo "2261"]
[PlyCount "83"]
[EventDate "2009.09.19"]
[EventType "swiss"]
[EventRounds "9"]
[EventCountry "POL"]

1. e4 c5 2. Nf3 d6 3. d4 cxd4 4. Nxd4 Nf6 5. Nc3 a6 6. Bg5 e6 7. f4 Nbd7 8. Qf3
Be7 9. O-O-O h6 10. Bh4 g5 11. fxg5 Ne5 12. Qe2 Nfg4 13. Nf3 hxg5 14. Bg3 Qa5
15. h3 Nxf3 16. gxf3 Ne5 17. h4 gxh4 18. f4 Ng6 19. Bh2 Bd7 20. e5 dxe5 21.
fxe5 Bc6 22. Bg2 Rc8 23. Qd3 Bxg2 24. Qd7+ Kf8 25. Qxc8+ Kg7 26. Qc4 Bxh1 27.
Rxh1 Qc5 28. Qg4 Rd8 29. Rf1 Qe3+ 30. Kb1 Rd7 31. Bf4 Qb6 32. Ne4 Qb5 33. Qf3
Qd5 34. a3 Bd8 35. Qg4 Qb5 36. Rg1 Bb6 37. Qg5 Kf8 38. Qh6+ Ke8 39. Rxg6 Rd1+
40. Bc1 fxg6 41. Nd6+ Rxd6 42. exd6 1-0

[Event "24th Grunwald Cup"]
[Site "Hotel Start-Dadaj Ramsowo"]
[Date "2009.09.24"]
[Round "7.4"]
[White "Suder, Ryszard"]
[Black "Falkowski, Dawid"]
[Result "1/2-1/2"]
[WhiteElo "2163"]
[BlackElo "2086"]
[PlyCount "63"]
[EventDate "2009.09.19"]
[EventType "swiss"]
[EventRounds "9"]
[EventCountry "POL"]

1. Nf3 Nf6 2. g3 d5 3. Bg2 Nbd7 4. d4 e6 5. O-O c6 6. Nbd2 Bd6 7. c4 O-O 8. Qc2
Re8 9. b3 e5 10. dxe5 Nxe5 11. Bb2 Bg4 12. Rad1 Qe7 13. Rfe1 Rad8 14. c5 Bb8
15. b4 Nxf3+ 16. Nxf3 Ne4 17. Nd4 Ng5 18. Nf5 Bxf5 19. Qxf5 Ne4 20. a3 g6 21.
Qf3 Be5 22. Bd4 Qf6 23. Qxf6 Nxf6 24. e3 Re7 25. Kf1 Rde8 26. Re2 Kf8 27. Rb2
Bxd4 28. Rxd4 Ng4 29. h3 Ne5 30. Rb3 Nc4 31. Ke1 Kg7 32. a4 1/2-1/2

[Event "24th Grunwald Cup"]
[Site "Hotel Start-Dadaj Ramsowo"]
[Date "2009.09.24"]
[Round "7.5"]
[White "Zarow, Zdzislaw"]
[Black "Pawelec, Bartosz"]
[Result "1-0"]
[WhiteElo "2016"]
[BlackElo "2040"]
[PlyCount "78"]
[EventDate "2009.09.19"]
[EventType "swiss"]
[EventRounds "9"]
[EventCountry "POL"]

1. e4 c6 2. f4 d5 3. e5 Bf5 4. Nf3 e6 5. d4 Nd7 6. Be2 Qb6 7. O-O c5 8. Kh1 Nh6
9. Nc3 Rc8 10. h3 cxd4 11. Nxd4 Bc5 12. Na4 Qd8 13. Nxc5 Nxc5 14. Bb5+ Nd7 15.
c3 a6 16. Bxd7+ Qxd7 17. Kh2 O-O 18. Qh5 Bg6 19. Qe2 f6 20. Bd2 Be4 21. g4 Nf7
22. exf6 gxf6 23. Nf3 Nd6 24. b3 Nb5 25. Rac1 Qd6 26. a4 Na3 27. Be3 b5 28.
axb5 axb5 29. b4 Rf7 30. Nd4 Rb7 31. Nb3 Nc4 32. Bc5 Qc7 33. Ra1 Qg7 34. Ra6
Re8 35. Nd4 Qf7 36. Qf2 Kh8 37. Rfa1 Qg8 38. Qh4 Qf7 39. Ra7 Nd6 1-0

[Event "24th Grunwald Cup"]
[Site "Hotel Start-Dadaj Ramsowo"]
[Date "2009.09.24"]
[Round "7.6"]
[White "Misiejuk, Zdzislaw"]
[Black "Hornik, Bronislaw"]
[Result "0-1"]
[WhiteElo "1982"]
[BlackElo "1900"]
[PlyCount "93"]
[EventDate "2009.09.19"]
[EventType "swiss"]
[EventRounds "9"]
[EventCountry "POL"]

1. e4 e6 2. d4 d5 3. Nd2 Nf6 4. e5 Nfd7 5. f4 c5 6. Ndf3 Nc6 7. Ne2 Qb6 8. c3
Be7 9. Qc2 O-O 10. Be3 f6 11. Qd2 cxd4 12. Nexd4 Nxd4 13. Nxd4 Bc5 14. b4 Bxd4
15. Bxd4 Qc7 16. Qe3 fxe5 17. fxe5 a5 18. bxa5 Rxa5 19. Bd3 Nc5 20. Bc2 b6 21.
Rf1 Rxf1+ 22. Kxf1 Ba6+ 23. Kg1 Bc4 24. Qh3 g6 25. Qe3 Ra3 26. h4 Qf7 27. Qc1
Rxa2 28. Rb1 Nd7 29. Bb3 Bxb3 30. Rxb3 Qf5 31. Ra3 Rxa3 32. Qxa3 Kg7 33. Qe7+
Qf7 34. Qd6 Kh6 35. g4 Nc5 36. Be3+ Kg7 37. Qxb6 Ne4 38. Qb2 Qc7 39. Bd4 Qe7
40. Qh2 Qa3 41. Qc2 Qa1+ 42. Kg2 Qe1 43. Qd3 Qxh4 44. Qf3 Qe1 45. g5 Qh4 46.
Be3 Qe1 47. Bc5 0-1

[Event "24th Grunwald Cup"]
[Site "Hotel Start-Dadaj Ramsowo"]
[Date "2009.09.24"]
[Round "7.7"]
[White "Wojcieszyn, Zdzislaw"]
[Black "Stolarczyk, Anna"]
[Result "0-1"]
[WhiteElo "2039"]
[BlackElo "2006"]
[PlyCount "124"]
[EventDate "2009.09.19"]
[EventType "swiss"]
[EventRounds "9"]
[EventCountry "POL"]

1. d4 d5 2. c4 c6 3. Nc3 e6 4. Nf3 dxc4 5. a4 Bb4 6. e3 b5 7. Ne5 Bb7 8. Qg4
Bxc3+ 9. bxc3 Qf6 10. Be2 Ne7 11. e4 h6 12. Rb1 Ba6 13. Ba3 O-O 14. h4 Rd8 15.
Rh3 Ng6 16. Nxg6 Qxg6 17. Qxg6 fxg6 18. Bg4 Re8 19. e5 Nd7 20. Bf3 Rac8 21. Be4
Nb6 22. Bxg6 Red8 23. axb5 cxb5 24. Bc5 Rd7 25. Be4 Na4 26. Bd6 Bb7 27. Bc2
Bxg2 28. Rg3 Bc6 29. f4 Nb6 30. f5 Re8 31. fxe6 Rxe6 32. Kd2 Rf7 33. Rbg1 Nd5
34. Bg6 Rf2+ 35. Ke1 Rh2 36. Bf7+ Kxf7 37. Rxg7+ Ke8 38. Rg8+ Kd7 39. R1g7+ Ne7
40. Rh8 Rg2 41. Rf7 Be4 42. d5 Bxd5 43. Rhh7 Rxe5+ 44. Bxe5 Bxf7 45. Rxf7 Ke6
46. Rh7 Kxe5 47. Rxe7+ Kf4 48. Rxa7 h5 49. Rb7 Rh2 50. Rxb5 Rxh4 51. Rc5 Ke3
52. Kd1 Kd3 53. Ke1 Kxc3 54. Ke2 Kc2 55. Ke3 c3 56. Kf3 Kd2 57. Rd5+ Kc1 58.
Kg3 Rh1 59. Kg2 Rd1 60. Rc5 c2 61. Rxh5 Kd2 62. Rd5+ Ke3 0-1

[Event "24th Grunwald Cup"]
[Site "Hotel Start-Dadaj Ramsowo"]
[Date "2009.09.24"]
[Round "7.8"]
[White "Sargalski, Andrzej"]
[Black "Bakalarczyk, Wlodzimierz"]
[Result "1/2-1/2"]
[WhiteElo "1954"]
[BlackElo "2038"]
[PlyCount "35"]
[EventDate "2009.09.19"]
[EventType "swiss"]
[EventRounds "9"]
[EventCountry "POL"]

1. e4 c5 2. Nf3 e6 3. Be2 Nc6 4. d4 cxd4 5. Nxd4 Nf6 6. Nxc6 bxc6 7. f3 Qb6 8.
Qd3 Be7 9. Qb3 O-O 10. Be3 Qc7 11. Bd4 Rb8 12. Qe3 d5 13. exd5 cxd5 14. Bd3 Bd6
15. Bxf6 gxf6 16. Qh6 f5 17. Qg5+ Kh8 18. Qf6+ 1/2-1/2

[Event "24th Grunwald Cup"]
[Site "Hotel Start-Dadaj Ramsowo"]
[Date "2009.09.24"]
[Round "7.9"]
[White "Rutkowski, Eugeniusz"]
[Black "Siluk, Zygmunt"]
[Result "0-1"]
[WhiteElo "1890"]
[BlackElo "1973"]
[PlyCount "80"]
[EventDate "2009.09.19"]
[EventType "swiss"]
[EventRounds "9"]
[EventCountry "POL"]

1. Nf3 Nf6 2. d4 c6 3. Bg5 Ne4 4. Bf4 d6 5. h3 g6 6. e3 Bg7 7. Bd3 Nf6 8. c4
Nbd7 9. Nc3 O-O 10. Qd2 Re8 11. Be2 b6 12. e4 Nf8 13. O-O Bb7 14. e5 dxe5 15.
dxe5 Qxd2 16. Bxd2 N6d7 17. Bf4 Ne6 18. Bg3 Rad8 19. Rad1 Ndf8 20. Rxd8 Rxd8
21. Rd1 Rxd1+ 22. Bxd1 Nd7 23. Ba4 Kf8 24. b4 Bh6 25. Ne2 Bg7 26. h4 h5 27. a3
a6 28. Bb3 c5 29. Ba4 Bxf3 30. gxf3 Nxe5 31. Bxe5 Bxe5 32. Bc6 cxb4 33. axb4
Bf6 34. Bb7 a5 35. bxa5 bxa5 36. Bd5 Nc5 37. Ng3 a4 38. Ne4 Nxe4 39. fxe4 e6
40. Bc6 a3 0-1

[Event "24th Grunwald Cup"]
[Site "Hotel Start-Dadaj Ramsowo"]
[Date "2009.09.24"]
[Round "7.10"]
[White "Poswiatowski, Stanislaw"]
[Black "Kardasz, Wladyslaw"]
[Result "1-0"]
[WhiteElo "1674"]
[BlackElo "1917"]
[PlyCount "59"]
[EventDate "2009.09.19"]
[EventType "swiss"]
[EventRounds "9"]
[EventCountry "POL"]

1. d4 Nf6 2. Nf3 c5 3. c3 e6 4. Bg5 Be7 5. Nbd2 Nc6 6. e3 d5 7. Bb5 Bd7 8. Bd3
a6 9. O-O b5 10. e4 dxe4 11. Nxe4 cxd4 12. Bxf6 gxf6 13. Nxd4 Nxd4 14. cxd4 f5
15. Nc3 b4 16. Ne2 Bc6 17. Bc4 Bd6 18. f4 Qb6 19. Qb3 Qb7 20. Rf2 Ke7 21. Re1
h5 22. Ng3 Be4 23. Nxe4 fxe4 24. f5 Rh6 25. fxe6 fxe6 26. Ref1 Kd7 27. Rf7+ Be7
28. Qa4+ Kd6 29. Qa5 h4 30. Qc5+ 1-0

[Event "24th Grunwald Cup"]
[Site "Hotel Start-Dadaj Ramsowo"]
[Date "2009.09.24"]
[Round "7.13"]
[White "Boese, Artur"]
[Black "Staruch, Roman"]
[Result "1/2-1/2"]
[WhiteElo "1935"]
[BlackElo "1987"]
[PlyCount "77"]
[EventDate "2009.09.19"]
[EventType "swiss"]
[EventRounds "9"]
[EventCountry "POL"]

1. Nf3 d5 2. g3 c6 3. Bg2 Nd7 4. O-O e5 5. d3 Ngf6 6. Nbd2 Be7 7. e4 O-O 8. Qe2
Qc7 9. Re1 Re8 10. Nh4 Bf8 11. Nf1 g6 12. Bg5 h6 13. Bd2 Kh7 14. Kh1 Qb6 15. b3
Nc5 16. exd5 cxd5 17. Ne3 Be6 18. h3 Rac8 19. c4 e4 20. dxe4 dxe4 21. Bc3 Bg7
22. Bd4 g5 23. Nhf5 Qc7 24. Nxg7 Kxg7 25. Ng4 Bxg4 26. Qxg4 Nd3 27. Qf5 Qd6 28.
Bxf6+ Qxf6 29. Qxf6+ Kxf6 30. Re2 Re7 31. Rd1 Rce8 32. Bxe4 Nc5 33. f3 Kg7 34.
Red2 Nxe4 35. fxe4 Rxe4 36. Rd7 R8e7 37. Rxe7 Rxe7 38. Rd2 Kf6 39. Kg2 1/2-1/2

[Event "24th Grunwald Cup"]
[Site "Hotel Start-Dadaj Ramsowo"]
[Date "2009.09.24"]
[Round "7.14"]
[White "Hagner, Pawel"]
[Black "Stankiewicz, Edward"]
[Result "1/2-1/2"]
[WhiteElo "1865"]
[BlackElo "1921"]
[PlyCount "60"]
[EventDate "2009.09.19"]
[EventType "swiss"]
[EventRounds "9"]
[EventCountry "POL"]

1. Nf3 d5 2. g3 Nf6 3. Bg2 c6 4. O-O Bf5 5. c4 dxc4 6. a4 h6 7. Na3 Qd5 8. Ng5
Qd4 9. Nf3 Qc5 10. e3 Bd3 11. Re1 e6 12. Bf1 Qd5 13. Nd4 Bc5 14. Bxd3 cxd3 15.
Qb3 Qxb3 16. Nxb3 Bxa3 17. Rxa3 Na6 18. Na5 Nb4 19. Rc3 Rb8 20. Nc4 Rd8 21. Na3
a5 22. f3 O-O 23. e4 Rd4 24. Rc4 Rfd8 25. Rxd4 Rxd4 26. b3 Nc2 27. Nxc2 dxc2
28. Re3 Rb4 29. Rc3 b5 30. axb5 cxb5 1/2-1/2

[Event "24th Grunwald Cup"]
[Site "Hotel Start-Dadaj Ramsowo"]
[Date "2009.09.24"]
[Round "7.16"]
[White "Rutkowski, Bogdan"]
[Black "Kulik, Roman"]
[Result "1/2-1/2"]
[WhiteElo "1875"]
[BlackElo "1879"]
[PlyCount "61"]
[EventDate "2009.09.19"]
[EventType "swiss"]
[EventRounds "9"]
[EventCountry "POL"]

1. e4 e5 2. Nf3 Nc6 3. d4 exd4 4. Nxd4 Bc5 5. Be3 Qf6 6. c3 Nge7 7. Qd2 O-O 8.
Nxc6 Qxc6 9. Bxc5 Qxc5 10. Bd3 d5 11. exd5 Qxd5 12. O-O h6 13. Re1 Be6 14. Be4
Qxd2 15. Nxd2 c6 16. a3 Bd5 17. Bxd5 Nxd5 18. g3 Rfe8 19. Kf1 Kf8 20. Rxe8+
Rxe8 21. Re1 Rxe1+ 22. Kxe1 Ke7 23. Ke2 Ke6 24. Ne4 b6 25. Kd3 f5 26. Nd2 c5
27. f4 g6 28. c4 Nf6 29. Nf1 Ne4 30. Ke3 Kd6 31. Kd3 1/2-1/2

[Event "24th Grunwald Cup"]
[Site "Hotel Start-Dadaj Ramsowo"]
[Date "2009.09.25"]
[Round "8.1"]
[White "Zoltek, Tadeusz"]
[Black "Dukaczewski, Piotr"]
[Result "0-1"]
[WhiteElo "2214"]
[BlackElo "2285"]
[PlyCount "74"]
[EventDate "2009.09.19"]
[EventType "swiss"]
[EventRounds "9"]
[EventCountry "POL"]

1. Nf3 g6 2. g3 Bg7 3. d4 d6 4. Bg2 Nf6 5. O-O O-O 6. c4 Nc6 7. Nc3 a6 8. d5
Na5 9. Nd2 c5 10. Rb1 Rb8 11. b3 b5 12. Bb2 bxc4 13. bxc4 Bh6 14. Ba1 Rb4 15.
Rxb4 cxb4 16. Nce4 Nd7 17. Nf3 Qc7 18. c5 dxc5 19. d6 exd6 20. Nxd6 Bg7 21.
Bxg7 Kxg7 22. Bh3 Nb6 23. Qa1+ f6 24. Nxc8 Rxc8 25. Bxc8 Qxc8 26. Rd1 Qe6 27.
Qc1 Nac4 28. Qf4 Qe7 29. Qb8 a5 30. Rd8 Nd7 31. Qc7 Ncb6 32. Nd2 Qe6 33. Nb3
Qd5 34. Nxa5 Kh6 35. h4 Qxa2 36. Nc6 Qxe2 37. Qf4+ Kg7 0-1

[Event "24th Grunwald Cup"]
[Site "Hotel Start-Dadaj Ramsowo"]
[Date "2009.09.25"]
[Round "8.2"]
[White "Stachanczyk, Jacek"]
[Black "Suder, Ryszard"]
[Result "1/2-1/2"]
[WhiteElo "2212"]
[BlackElo "2163"]
[PlyCount "61"]
[EventDate "2009.09.19"]
[EventType "swiss"]
[EventRounds "9"]
[EventCountry "POL"]

1. e4 d6 2. d4 Nf6 3. Nc3 g6 4. f4 Bg7 5. Nf3 c5 6. Bb5+ Bd7 7. e5 Ng4 8. e6
fxe6 9. Ng5 Bxb5 10. Nxb5 Qa5+ 11. c3 Qxb5 12. Nxe6 Qc4 13. Qxg4 cxd4 14. Nxg7+
Kf7 15. Nf5 Qe6+ 16. Ne3 dxe3 17. Qxe6+ Kxe6 18. Bxe3 Nc6 19. O-O Rhf8 20. Rad1
b5 21. Rfe1 a5 22. g4 Kd7 23. Kg2 a4 24. Kg3 Na5 25. Re2 Rac8 26. Bb6 Nc4 27.
Bd4 a3 28. b3 Nb2 29. Rdd2 Rc6 30. Re3 e6 31. Re1 1/2-1/2

[Event "24th Grunwald Cup"]
[Site "Hotel Start-Dadaj Ramsowo"]
[Date "2009.09.25"]
[Round "8.3"]
[White "Chojnowski, Marcin"]
[Black "Zarow, Zdzislaw"]
[Result "0-1"]
[WhiteElo "2114"]
[BlackElo "2016"]
[PlyCount "50"]
[EventDate "2009.09.19"]
[EventType "swiss"]
[EventRounds "9"]
[EventCountry "POL"]

1. e4 e5 2. Nf3 d5 3. Nxe5 Bd6 4. d4 dxe4 5. Nc4 Nf6 6. Be2 Be6 7. Nxd6+ Qxd6
8. O-O Nc6 9. c3 O-O 10. Na3 Qd7 11. Nc2 Rfe8 12. Ne3 Rad8 13. b3 Ne7 14. Bb2
c6 15. Qd2 Ng6 16. c4 Qc7 17. Rad1 Nf4 18. Rfe1 Nxe2+ 19. Qxe2 Qf4 20. Bc1 Qh4
21. h3 h6 22. Nf1 Bf5 23. Ng3 Bg6 24. Kh2 Re6 25. Qe3 Ng4+ 0-1

[Event "24th Grunwald Cup"]
[Site "Hotel Start-Dadaj Ramsowo"]
[Date "2009.09.25"]
[Round "8.4"]
[White "Stolarczyk, Anna"]
[Black "Falkowski, Dawid"]
[Result "1-0"]
[WhiteElo "2006"]
[BlackElo "2086"]
[PlyCount "68"]
[EventDate "2009.09.19"]
[EventType "swiss"]
[EventRounds "9"]
[EventCountry "POL"]

1. Nc3 e5 2. d3 d5 3. e4 dxe4 4. Nxe4 f5 5. Nc3 Nf6 6. Nf3 Nc6 7. g3 Bc5 8. Bg2
O-O 9. O-O Be6 10. Nd2 Qe7 11. Nb3 Bb6 12. Na4 Rad8 13. Nxb6 axb6 14. Qe2 Bd5
15. Bd2 Qd6 16. Rfe1 f4 17. Bc3 Bxg2 18. Kxg2 Nd5 19. Qh5 Rde8 20. Nd2 Re6 21.
Nc4 Qd7 22. Nxe5 Nxe5 23. Rxe5 Rxe5 24. Qxe5 f3+ 25. Kh1 Nf6 26. Qd4 Qh3 27.
Rg1 h6 28. g4 Re8 29. g5 hxg5 30. Rxg5 Qh6 31. h4 Kh8 32. Kh2 Ne4 33. Qxg7+
Qxg7 34. Bxg7+ Kh7 1-0

[Event "24th Grunwald Cup"]
[Site "Hotel Start-Dadaj Ramsowo"]
[Date "2009.09.25"]
[Round "8.5"]
[White "Hornik, Bronislaw"]
[Black "Renkowski, Piotr"]
[Result "1/2-1/2"]
[WhiteElo "1900"]
[BlackElo "1691"]
[PlyCount "91"]
[EventDate "2009.09.19"]
[EventType "swiss"]
[EventRounds "9"]
[EventCountry "POL"]

1. d4 d5 2. c4 e5 3. dxe5 d4 4. Nf3 Nc6 5. g3 Be6 6. b3 Qd7 7. Ba3 Be7 8. Bg2
O-O-O 9. O-O Bh3 10. Bxe7 Ngxe7 11. a3 h5 12. Nbd2 h4 13. Ne4 Bxg2 14. Kxg2
hxg3 15. fxg3 Qh3+ 16. Kf2 Nxe5 17. Nxe5 Qf5+ 18. Nf3 Qxe4 19. Qd3 f5 20. Rad1
Nc6 21. b4 Rde8 22. Qxe4 fxe4 23. Nxd4 Nxd4 24. Rxd4 Rxh2+ 25. Ke3 Rg2 26. Rxe4
Rxg3+ 27. Rf3 Rxe4+ 28. Kxe4 Rg4+ 29. Kd5 c6+ 30. Kc5 Re4 31. Kd6 Rd4+ 32. Kc5
Rd2 33. e4 Kc7 34. b5 cxb5 35. cxb5 Rd7 36. Rg3 b6+ 37. Kc4 Kd8 38. a4 Ke8 39.
a5 bxa5 40. Ra3 g5 41. Rxa5 g4 42. b6 axb6 43. Rg5 Ke7 44. Rxg4 Ke6 45. Rg6+
Ke5 46. Rxb6 1/2-1/2

[Event "24th Grunwald Cup"]
[Site "Hotel Start-Dadaj Ramsowo"]
[Date "2009.09.25"]
[Round "8.6"]
[White "Gunajew, Rafal"]
[Black "Siluk, Zygmunt"]
[Result "1-0"]
[WhiteElo "2261"]
[BlackElo "1973"]
[PlyCount "75"]
[EventDate "2009.09.19"]
[EventType "swiss"]
[EventRounds "9"]
[EventCountry "POL"]

1. e4 c5 2. Nf3 d6 3. d4 cxd4 4. Nxd4 Nf6 5. Nc3 a6 6. Be2 Nbd7 7. O-O g6 8. f4
Qc7 9. Kh1 Bg7 10. Bf3 O-O 11. Be3 Rb8 12. Qe1 e5 13. Nde2 b5 14. a3 Bb7 15.
Rd1 Nc5 16. Ng3 Rbd8 17. Qf2 exf4 18. Bxf4 Ne6 19. Be3 Nd7 20. Nd5 Bxd5 21.
exd5 Nec5 22. c3 Rde8 23. Bd4 Be5 24. Ne2 Qd8 25. Nc1 Bxd4 26. cxd4 Na4 27. Nd3
a5 28. Rc1 Nb8 29. Qd2 Qb6 30. b3 Qxd4 31. bxa4 Qxa4 32. Nf2 Rc8 33. Qb2 Nd7
34. Ne4 Rxc1 35. Qxc1 b4 36. Qc6 Qxc6 37. dxc6 Nb6 38. axb4 1-0

[Event "24th Grunwald Cup"]
[Site "Hotel Start-Dadaj Ramsowo"]
[Date "2009.09.25"]
[Round "8.7"]
[White "Pawelec, Bartosz"]
[Black "Sargalski, Andrzej"]
[Result "0-1"]
[WhiteElo "2040"]
[BlackElo "1954"]
[PlyCount "56"]
[EventDate "2009.09.19"]
[EventType "swiss"]
[EventRounds "9"]
[EventCountry "POL"]

1. e4 e5 2. Nf3 Nc6 3. Bc4 Bc5 4. O-O Nf6 5. d4 Bxd4 6. Nxd4 Nxd4 7. f4 d6 8.
fxe5 dxe5 9. Bg5 Be6 10. Na3 Bxc4 11. Nxc4 Qe7 12. c3 Ne6 13. Bxf6 gxf6 14. Kh1
Qc5 15. Qb3 O-O-O 16. Rxf6 Rhg8 17. Rf5 Nf4 18. Rf1 Nxg2 19. Rxe5 Qc6 20. Na5
Qa6 21. c4 Rg6 22. Rxf7 Ne3 23. h4 Ng4 24. Rb5 Qd6 25. e5 Qd1+ 26. Qxd1 Rxd1+
27. Kg2 Nxe5+ 28. Kf2 Nxf7 0-1

[Event "24th Grunwald Cup"]
[Site "Hotel Start-Dadaj Ramsowo"]
[Date "2009.09.25"]
[Round "8.8"]
[White "Traczyk, Tadeusz"]
[Black "Bakalarczyk, Wlodzimierz"]
[Result "0-1"]
[WhiteElo "1918"]
[BlackElo "2038"]
[PlyCount "30"]
[EventDate "2009.09.19"]
[EventType "swiss"]
[EventRounds "9"]
[EventCountry "POL"]

1. e4 c5 2. Nf3 e6 3. d4 cxd4 4. Nxd4 a6 5. c4 Nf6 6. Nc3 Bb4 7. Bd3 Nc6 8. Nc2
Be7 9. O-O O-O 10. f4 d6 11. Kh1 Nd7 12. Ne3 Bf6 13. Bb1 Nb6 14. a3 g6 15. Qd3
Qe7 {nieczytelny} 0-1

[Event "24th Grunwald Cup"]
[Site "Hotel Start-Dadaj Ramsowo"]
[Date "2009.09.25"]
[Round "8.10"]
[White "Poswiatowski, Stanislaw"]
[Black "Wojcieszyn, Zdzislaw"]
[Result "0-1"]
[WhiteElo "1674"]
[BlackElo "2039"]
[PlyCount "52"]
[EventDate "2009.09.19"]
[EventType "swiss"]
[EventRounds "9"]
[EventCountry "POL"]

1. d4 Nf6 2. Nf3 c5 3. c3 e6 4. Bg5 d5 5. Nbd2 cxd4 6. cxd4 Nbd7 7. e3 Qa5 8.
Bd3 Bd6 9. O-O h6 10. Bxf6 Nxf6 11. Qe2 O-O 12. Rfc1 Bd7 13. Nb3 Qb4 14. Ne5
Rfc8 15. f4 Ba4 16. Bc2 Rc7 17. f5 Rac8 18. fxe6 fxe6 19. Ng6 h5 20. Nf4 Bxb3
21. Nxe6 Rxc2 22. Rxc2 Rxc2 23. Qd3 Ba4 24. Qg6 Bf8 25. Rf1 Qe7 26. b3 Rxa2 0-1

[Event "24th Grunwald Cup"]
[Site "Hotel Start-Dadaj Ramsowo"]
[Date "2009.09.25"]
[Round "8.11"]
[White "Kardasz, Wladyslaw"]
[Black "Rutkowski, Eugeniusz"]
[Result "1-0"]
[WhiteElo "1917"]
[BlackElo "1890"]
[PlyCount "71"]
[EventDate "2009.09.19"]
[EventType "swiss"]
[EventRounds "9"]
[EventCountry "POL"]

1. e4 a6 2. c4 b6 3. Nc3 Bb7 4. d4 e6 5. Nf3 Bb4 6. Bd3 Nf6 7. Qe2 h6 8. e5 Nh7
9. h4 d5 10. cxd5 Qxd5 11. Bd2 Qd7 12. a3 Be7 13. Be4 Nc6 14. Qd3 Nf8 15. b4
O-O-O 16. b5 Nxd4 17. Bxb7+ Kxb7 18. bxa6+ Ka7 19. Qxd4 Qc6 20. Qe4 Qxe4+ 21.
Nxe4 Nd7 22. O-O f5 23. exf6 gxf6 24. Rfc1 c5 25. Bc3 Rhg8 26. Rd1 Rg4 27. Nd6
Kxa6 28. Nf7 Rdg8 29. Rxd7 Rxg2+ 30. Kf1 Bf8 31. Rd8 R2g7 32. Nxh6 Rh8 33. Bxf6
Rxh6 34. Rxf8 Rd7 35. Be5 Rhh7 36. Rb1 1-0

[Event "24th Grunwald Cup"]
[Site "Hotel Start-Dadaj Ramsowo"]
[Date "2009.09.25"]
[Round "8.12"]
[White "Stankiewicz, Edward"]
[Black "Staruch, Roman"]
[Result "1-0"]
[WhiteElo "1921"]
[BlackElo "1987"]
[PlyCount "72"]
[EventDate "2009.09.19"]
[EventType "swiss"]
[EventRounds "9"]
[EventCountry "POL"]

1. e4 d5 2. exd5 Nf6 3. d4 Nxd5 4. c4 Nb6 5. Nf3 g6 6. Be2 Bg7 7. O-O O-O 8.
Nc3 Bg4 9. c5 Nd5 10. Qb3 Nxc3 11. bxc3 b6 12. cxb6 axb6 13. Re1 Be6 14. Bc4
Bxc4 15. Qxc4 Nd7 16. Bf4 Rc8 17. Rad1 Nf6 18. Qb3 Re8 19. c4 e6 20. h3 Ra8 21.
a4 Qd7 22. Ra1 Rec8 23. Red1 Ra5 24. Bd2 Ra6 25. Ra2 Rca8 26. Rda1 Ne4 27. Be3
c5 28. Rd1 Rxa4 29. dxc5 Qe8 30. Rxa4 Rxa4 31. cxb6 Nc3 32. b7 Qb8 33. Rd8+
Qxd8 34. b8=Q Ne2+ 35. Kh2 Ra8 36. Qxd8+ Rxd8 1-0

[Event "24th Grunwald Cup"]
[Site "Hotel Start-Dadaj Ramsowo"]
[Date "2009.09.25"]
[Round "8.14"]
[White "Hagner, Pawel"]
[Black "Rutkowski, Bogdan"]
[Result "1-0"]
[WhiteElo "1865"]
[BlackElo "1875"]
[PlyCount "83"]
[EventDate "2009.09.19"]
[EventType "swiss"]
[EventRounds "9"]
[EventCountry "POL"]

1. d4 d5 2. Nf3 Nf6 3. Bg5 e6 4. e3 Be7 5. Nbd2 h6 6. Bh4 Nbd7 7. c3 Nh5 8. Bg3
Nxg3 9. hxg3 Nf6 10. Bd3 b6 11. Ne5 Bb7 12. Bb5+ Kf8 13. Ndf3 a6 14. Bd3 c5 15.
Ng5 Qc7 16. Ngxf7 Rg8 17. Qc2 Ne4 18. Qe2 Bf6 19. Qg4 Re8 20. Qg6 cxd4 21. exd4
Ng5 22. Nxg5 Bxg5 23. f4 Bf6 24. O-O Ke7 25. Rae1 Kd8 26. f5 Qe7 27. Nf7+ Kc7
28. Rxe6 Qf8 29. Rfe1 Rxe6 30. Rxe6 Bc8 31. Re2 Bd7 32. Ne5 Be8 33. Qg4 b5 34.
Qf3 Qd6 35. Ng6 Bf7 36. Qf4 Re8 37. Qxd6+ Kxd6 38. Rxe8 Bxe8 39. Nf4 Bf7 40.
Kf2 Kc6 41. Ne6 Kd6 42. Nc5 1-0

[Event "24th Grunwald Cup"]
[Site "Hotel Start-Dadaj Ramsowo"]
[Date "2009.09.25"]
[Round "8.15"]
[White "Kulik, Roman"]
[Black "Wyrzykowski, Jozef"]
[Result "1/2-1/2"]
[WhiteElo "1879"]
[BlackElo "1786"]
[PlyCount "66"]
[EventDate "2009.09.19"]
[EventType "swiss"]
[EventRounds "9"]
[EventCountry "POL"]

1. e4 e5 2. Nf3 Nc6 3. Bb5 d6 4. h3 Bd7 5. d3 a6 6. Ba4 b5 7. Bb3 Na5 8. Bd2
Nxb3 9. axb3 c5 10. c3 Be7 11. O-O Nf6 12. Nh2 O-O 13. f4 exf4 14. Bxf4 Bc6 15.
Nd2 Qc7 16. Qe2 Bb7 17. Rae1 Rae8 18. Qd1 h6 19. Ng4 Nxg4 20. Qxg4 Kh7 21. Qg3
Qd7 22. Nf3 f6 23. Nh4 g5 24. Nf5 Rg8 25. Bxd6 Bxd6 26. Qxd6 Qc6 27. Qxc6 Bxc6
28. Ra1 Re6 29. Rxa6 Rd8 30. Ra7+ Bd7 31. Ne3 Kg6 32. Nd5 h5 33. c4 h4 1/2-1/2